Statistics for Countries With the Most Executions

Click here to take the quiz!

General Stats

  • This quiz has been taken 55,606 times
    (26,330 since last reset)
  • The average score is 9 of 13

Answer Stats

#Country% Correct
Thousands annuallyChina
94%
96United States
94%
> 2,304Iran
89%
> 291Iraq
86%
UnknownNorth Korea
86%
> 607Saudi Arabia
86%
> 487Pakistan
74%
> 144Egypt
67%
25Japan
58%
UnknownVietnam
54%
> 76Somalia
46%
UnknownMalaysia
43%
29Singapore
30%

Score Distribution

Percentile by Number Answered

Percent of People with Each Score

Your Score History

You have not taken this quiz since the last reset